000 00611nab a2200205 a 4500
005 20210219161504.0
008 991125s1985 mx 000 0 spa u
035 _aUPN01000186239
222 _aREVISTA LATINOAMERICANA DE PSICOLOGIA
245 _aAdaptive teaching and field dependence-independence : instructional implications
260 _aBogotá, Colombia
300 _a497-510
362 0 _a2011 Vol. 43, no. 3
653 0 _aESTILO COGNITIVO
653 0 _aEDUCACION ADAPTATIVA
653 0 _aESTRATEGIAS DE ENSEÑANZA
700 1 _aTinajero, Carolina,
700 1 _ecoaut.
905 _aArticulo
999 _c158342
_d158342